banner-ar

دروس فى تاريخ الفلسفة لتلاميذ السنة التوجيهية / (Record no. 43112)

MARC details
000 -الفاتح
حقل البيانات ثابتة الطول 00693nam a2200205Ia 4500
005 - وقت وتاريخ اخر تعامل مع التسجيلة
رقم الضبط 20240530103853.0
008 - عناصر البيانات ثابتة الطول - معلومات عامة
حقل البيانات ثابتة الطول 140319s9999 xx 000 0 ara d
040 ## - مصدر الفهرسة
وكالة الفهرسة الأصلية GCL /
وكالة النسخ GCL
082 04 - رقم تصنيف ديوى العشرى
رقم التصنيف 180
رقم المادة ا د
100 ## - المدخل الرئيسى - إسم شخصى
الإسم الشخصى ابراهيم بيومى مدكور
245 10 - بيان العنوان
العنوان دروس فى تاريخ الفلسفة لتلاميذ السنة التوجيهية /
بقية العنوان تأليف ابراهيم بيومى مدكور ، يوسف كرم
300 ## - الوصف المادى
التعداد 226 ص
490 ## - بيان السلسلة
عنوان السلسلة كتاب
رقم المجلد/ التعيين التسلسلي 0
650 04 - المدخل الاضافى بالموضوع-مصطلح موضوعى
مصطلح موضوعي الفلسفة الغربية
650 04 - المدخل الاضافى بالموضوع-مصطلح موضوعى
مصطلح موضوعي الفلسفة الاسلامية - تاريخ
650 04 - المدخل الاضافى بالموضوع-مصطلح موضوعى
مصطلح موضوعي الفلسفة - تاريخ
700 ## - المدخل الاضافى - اسم شخصى
رمز الرابط يوسف كرم
942 ## - عناصر المدخل الإضافي( كوها)
مصدر التصنيف او مخطط الترفيف Dewey Decimal Classification
Koha [default] item type كتاب
Holdings
حالة التراجع حالة الفقد حالة تلف ليس للاعارة المكان المؤقت الموقع الحالى تاريخ الاكتساب اجمالي اﻻعارات رقم الطلب الباركود تاريخ اخر مشاهدة تاريخ تفعيل السعر نوع وعاء كوها مصدر التصنيف او خطة الترفيف موقع الترفيف
        مكتبة القاهرة الكبرى مكتبة القاهرة الكبرى 03/26/2014   180\ا د 104268 03/26/2014 03/26/2014 كتاب    
        مكتبة القاهرة الكبرى مكتبة القاهرة الكبرى 05/19/2018   180 ا د 164813 05/19/2018 05/19/2018 كتاب ddc القاعة الرئيسية
        مكتبة القاهرة الكبرى مكتبة القاهرة الكبرى 05/28/2018   180 ا د 164819 05/28/2018 05/28/2018 كتاب ddc القاعة الرئيسية

Powered By

EGPV